La soledad de Alcuneza
Gespeichert in:
| 1. Verfasser: | |
|---|---|
| Format: | Buch |
| Sprache: | Spanisch |
| Veröffentlicht: |
Madrid
Magisterio Español
1976
|
| Schriftenreihe: | Sección Literatura. Serie Literatura Española. Novela. Siglo XX
|
| Schlagworte: | |
| Tags: |
Tag hinzufügen
Keine Tags, Fügen Sie den ersten Tag hinzu!
|
MARC
| LEADER | 00000nam a2200000 a 4500 | ||
|---|---|---|---|
| 001 | UCQ1967 | ||
| 003 | CL-VaPUC | ||
| 008 | 980721e19760000SP |||||||||||||||||spa|d | ||
| 082 | 0 | 4 | |a 863 |b GAR |2 21 |
| 100 | |a García de Pruneda, Salvador |e author |9 415889 | ||
| 245 | 1 | 3 | |a La soledad de Alcuneza |
| 300 | |a 375 p | ||
| 942 | |c BK | ||
| 945 | |d 19980721 00:00:00 |a lriquelm | ||
| 260 | |a Madrid |b Magisterio Español |c 1976 | ||
| 650 | 0 | |a Novelas españolas |9 265052 | |
| 650 | 0 | |a Literatura española |9 306261 | |
| 583 | |a last modification |c 19980721 00:00:00 |k Rodrigo Vera | ||
| 490 | 0 | |a Sección Literatura. Serie Literatura Española. Novela. Siglo XX | |
| 999 | |c 272810 |d 272808 | ||
| 952 | |0 0 |1 0 |4 0 |6 863_000000000000000_GAR_1976 |7 0 |8 A |9 307978 |a BIBEDU |b BIBEDU |d 2019-11-20 |i 1438875 |o 863 GAR 1976 |p 1438875 |r 2019-11-20 |w 2019-11-20 |y BK |k LIT | ||